[Event "Galicia-ch U14"]
[Site "Padron"]
[Date "2023.02.18"]
[Round "2"]
[White "Souto Corredoura, Hugo"]
[Black "Villot Lago, Antonio"]
[Result "1-0"]
[WhiteElo "1424"]
[BlackElo "1213"]
[PlyCount "135"]
[EventDate "2023.02.18"]
[EventType "swiss"]
[EventRounds "8"]
[EventCountry "ESP"]
[SourceTitle "EXT 2024"]
[Source "ChessBase"]
[SourceDate "2023.10.10"]
[SourceVersion "1"]
[SourceVersionDate "2023.10.10"]
[SourceQuality "1"]

1. e4 e6 2. Nf3 d5 3. Nc3 Nf6 4. e5 Nfd7 5. d4 c5 6. dxc5 Nc6 7. Bf4 Bxc5 8. Bd3 Qb6 9. 0-0 a6 10. Na4 Qb4 11. Nxc5 Qxf4 12. Nxd7 Bxd7 13. Qe2 Rc8 14. c3 Na5 15. Rfd1 Nc4 16. Rab1 b5 17. b3 Nb6 18. Rbc1 h6 19. Nd4 0-0 20. g3 Qg5 21. f4 Qe7 22. Qh5 f5 23. Kh1 Qf7 24. Qe2 Rc7 25. Rg1 Kh8 26. g4 g6 27. Qe1 Rg8 28. Qh4 Kh7 29. gxf5 gxf5 30. Rxg8 Qxg8 31. Rg1 Qf7 32. Ne2 Bc6 33. Nd4 Bd7 34. Qg3 Rc8 35. Be2 Rg8 36. Qxg8+ Qxg8 37. Rxg8 Kxg8 38. Kg2 Kg7 39. Kg3 Nc8 40. a4 Na7 41. Kf3 bxa4 42. bxa4 Kf7 43. Bd1 Nc6 44. Ke3 Ke7 45. Nxc6+ Bxc6 46. Kd4 Kd7 47. Kc5 Kc7 48. Bb3 Bd7 49. c4 dxc4 50. Bxc4 a5 51. Bb5 Bc8 52. Bc6 Ba6 53. Be8 Kd8 54. Bb5 Bb7 55. Kd6 Bc8 56. Bc6 h5 57. h4 Bd7 58. Kc5 Bc8 59. Kb6 Bd7 60. Bxd7 Kxd7 61. Kxa5 Kc6 62. Ka6 Kc7 63. Kb5 Kb7 64. Kc5 Kc7 65. a5 Kd7 66. a6 Kc7 67. a7 Kb7 68. Kd6 1-0

[Event "Galicia-ch U12"]
[Site "Galicia"]
[Date "2022.04.09"]
[Round "3"]
[White "Villot Lago, Antonio"]
[Black "Alonso Novas, Mateo"]
[Result "0-1"]
[WhiteElo "1060"]
[BlackElo "1239"]
[PlyCount "42"]
[EventDate "2022.04.09"]
[EventType "swiss"]
[EventRounds "8"]
[EventCountry "ESP"]
[SourceTitle "EXT 2023"]
[Source "ChessBase"]
[SourceDate "2022.10.05"]
[SourceVersion "1"]
[SourceVersionDate "2022.10.05"]
[SourceQuality "1"]

1. e4 e5 2. Nf3 Nc6 3. d4 exd4 4. Nxd4 Bc5 5. Be3 Qf6 6. c3 Nh6 7. f3 0-0 8. g4 Qh4+ 9. Bf2 Qe7 10. Bc4 Bxd4 11. Bxd4 Nxd4 12. Qxd4 d5 13. Bxd5 c6 14. Bb3 Rd8 15. Qe3 Qh4+ 16. Qf2 Qg5 17. h4 Qc1+ 18. Ke2 Qxh1 19. g5 Qc1 20. Qe3 Qxb2+ 21. Kf1 Qxa1 0-1